000 00314nam a22001337a 4500
003 SGT
020 _a978-1-84787-487-0
082 _a157.9
_bC13B
100 _aBARKHAM, MICHAEL
245 _aCLINICAL PSYCHOLOGY- I: ASSESSMENT & FORMULATION
260 _aANGELS
_bSAGE
_c2013
300 _a304
942 _2ddc
_cBK
999 _c15046
_d15046